Exploring Our World

The Exploring Our World Activity Book provides: Additional reading, writing, and grammar practice for each chapter of the reader Consolidation activities A book review Answers to the activities can be found on the teacher's website

Đã lưu trong:
书目详细资料
主要作者: Martin, Jacqueline
格式: 图书
语言:Undetermined
出版: Oxford Oxford University Press 2010
主题:
标签: 添加标签
没有标签, 成为第一个标记此记录!
Thư viện lưu trữ: Trung tâm Học liệu Trường Đại học Cần Thơ
LEADER 00922nam a2200217Ia 4500
001 CTU_207452
008 210402s9999 xx 000 0 und d
020 |c 60000 
082 |a 428.64 
082 |b M379 
100 |a Martin, Jacqueline 
245 0 |a Exploring Our World 
245 0 |c Jacqueline Martin 
260 |a Oxford 
260 |b Oxford University Press 
260 |c 2010 
520 |a The Exploring Our World Activity Book provides: Additional reading, writing, and grammar practice for each chapter of the reader Consolidation activities A book review Answers to the activities can be found on the teacher's website 
650 |a Đọc,Khám phá trong Địa lý,Readers,Discoveries in geography 
650 |x Khám phá trong Địa lý,Văn học thiếu niên,Discoveries in geography,Juvenile literature 
904 |i Tuyến 
980 |a Trung tâm Học liệu Trường Đại học Cần Thơ